000 00354pam a2200157a 44500
008 230515b2002 xxu||||| |||| 00| 0 eng d
020 _aNULL
041 _aENGLISH
082 _aN.D.
100 _aBaphana R M
245 _aApplied Mathematics - I
250 _a0
260 _aNULL
_bTechnova Publictions
_c2002
300 _a12.16
650 _aNULL
999 _c585816
_d585816